000
00277nam a2200109Ia 4500
008
190912s9999||||xx |||||||||||||| ||und||
100
_a
Hendry, Eccles
245
0
_a
European Cases In Strategic Management
260
_a
New Delhi
_b
McGraw-Hill
_c
1993
300
_a
431
942
_c
BK
999
_c
7793
_d
7793